12 месяцев за 15 секунд - Statistics

General Stats
  • This quiz has been taken 228 times
  • The average score is 7 of 12
Answer Stats
Answer % Correct
Май
84%
Март
82%
Январь
79%
Апрель
76%
Июнь
76%
Февраль
73%
Июль
73%
Август
60%
Сентябрь
42%
Декабрь
30%
Октябрь
24%
Ноябрь
21%
No matching quizzes found
Score Distribution
Percent of People with Each Score
Percentile by Number Answered
Your Score History
You have not taken this quiz